000 00768nam a2200229Ia 4500
003 GCL
008 140319s9999 xx 000 0 ara d
040 _aGCL /
_cGCL
082 0 4 _aق
_b962
_bع ث
100 1 _aعبدالرحمن الرافعى
245 1 0 _aثورة 1919 تاريخ مصر القومى من 1914 الى 1921 ج1 , ج2 /
_cعبدالرحمن الرافعى
300 _aمتعدد
490 _a
650 0 4 _aالعصر الحديث
650 0 4 _aمصر
650 0 4 _aتاريخ
650 0 4 _aالاحوال الاجتماعية
650 0 4 _aالاحوال السياسية
650 0 4 _aالحرب العالمية الاولى 1914- 1918
650 0 4 _aمصر - تاريخ - العصر الحديث - ثورة 1919
942 _2ddc
_cBK
999 _c38731
_d38731